000 00697nam a2200241Ia 4500
003 OSt
005 20221006144621.0
006 a|||||r|||| 00| 0
007 ta
008 221006b |||||||| |||| 00| 0 eng d
020 _cP30.00
024 _a12,140
037 _cTextual
040 _aEASL
_cEASL
_beng
041 _2eng
_aeng
082 _aV41y7M73, N6
100 _aTang Xiaobing
_9652431
245 0 _aGlobal speace and the nationalist discourse of modernity
_b Historical thinking of liang qichao
260 _aStandford
_bStandford University`
_c1996
300 _a290p.
_ccm.
942 _hV41y7M73, N6
_cTEXL
_2CC
999 _c1080226
_d1080226